00377nam a2200133Ia 450000500170000000800410001702000150005808200150007310000150008824500350010326000490013830000130018750000430020020250528025805.0240331s9999 xx 000 0 und d a955910215X a303.6bFON aFonseka, C 0aSamayenyuthu srilankawak sadha aColombobSocial Scientists Associationc1998 a243 p ., aA book of towards a peaceful Sri Lanka